|
|
|
|
| LEADER |
01301nam a2200361Ia 4500 |
| 001 |
EBC556376 |
| 003 |
MiAaPQ |
| 005 |
20200520144314.0 |
| 006 |
m o d | |
| 007 |
cr cn||||||||| |
| 008 |
050909s2005 ne sb 000 0 eng d |
| 020 |
|
|
|z 9042015683
|
| 020 |
|
|
|z 9789042015685
|
| 035 |
|
|
|a (MiAaPQ)EBC556376
|
| 035 |
|
|
|a (Au-PeEL)EBL556376
|
| 035 |
|
|
|a (CaPaEBR)ebr10380571
|
| 035 |
|
|
|a (OCoLC)714567196
|
| 040 |
|
|
|a MiAaPQ
|c MiAaPQ
|d MiAaPQ
|
| 050 |
|
4 |
|a PN6084.E36
|b M47 2005
|
| 245 |
0 |
0 |
|a Metaphors of economy
|h [electronic resource] /
|c edited by Nicole Bracker and Stefan Herbrechter.
|
| 260 |
|
|
|a Amsterdam ;
|a New York :
|b Rodopi,
|c 2005.
|
| 300 |
|
|
|a 166 p.
|
| 490 |
1 |
|
|a Critical studies ;
|v v.25
|
| 504 |
|
|
|a Includes bibliographical references.
|
| 533 |
|
|
|a Electronic reproduction. Ann Arbor, MI : ProQuest, 2015. Available via World Wide Web. Access may be limited to ProQuest affiliated libraries.
|
| 650 |
|
0 |
|a Economics in literature.
|
| 650 |
|
0 |
|a Economics.
|
| 655 |
|
4 |
|a Electronic books.
|
| 700 |
1 |
|
|a Bracker, Nicole.
|
| 700 |
1 |
|
|a Herbrechter, Stefan.
|
| 710 |
2 |
|
|a ProQuest (Firm)
|
| 830 |
|
0 |
|a Critical studies (Amsterdam, Netherlands) ;
|v v. 25.
|
| 856 |
4 |
0 |
|u https://ebookcentral.proquest.com/lib/matrademy/detail.action?docID=556376
|z Click to View
|